[Event "Wijk aan Zee 86/501"]
[Site "?"]
[Date "2003.??.??"]
[Round "?"]
[White "Ponomariov, R."]
[Black "Kramnik, Vladimir"]
[Result "1-0"]
[WhiteElo "2734"]
[BlackElo "2809"]
[PlyCount "75"]
[EventDate "2003.??.??"]
[Source "Chess Informant"]
[SourceDate "2002.10.01"]

1. d4 Nf6 2. c4 e6 3. Nc3 Bb4 4. e3 O-O 5. Nge2 d5 6. a3 Be7 7. cxd5 Nxd5 8. Bd2 Nd7 9. g3 b6 10. Nxd5 exd5 11. Bg2 Nf6 12. O-O Ne4 13. Rc1 Bb7 14. Qc2 Rc8 15. Rfd1 Bd6 16. Bb4 Qf6 17. Nc3 Nxc3 18. Qxc3 c6 19. Bxd6 Qxd6 20. b4 Rc7 21. a4 Rfc8 22. a5 Ba6 23. Ra1 Bb5 24. Rdc1 Re8 25. axb6 axb6 26. Bf1 Bxf1 27. Kxf1 Rb8 28. Ra6 Qd7 29. Kg1 h6 30. Qa3 Rcc8 31. h4 Qf5 32. Ra7 g5 33. h5 Qf3 34. Qd3 Kh8 35. Qa6 Kg7 36. b5 c5 37. dxc5 bxc5 38. Qg6+ 1-0

[Event "Dortmund"]
[Site "Dortmund"]
[Date "1998.07.01"]
[Round "5"]
[White "Shirov, Alexei"]
[Black "Kramnik, Vladimir"]
[Result "0-1"]
[WhiteElo "2710"]
[BlackElo "2790"]
[PlyCount "128"]
[EventDate "1998.06.26"]
[Source "ChessBase"]
[SourceDate "1998.09.30"]

1. d4 Nf6 2. c4 e6 3. Nc3 Bb4 4. e3 O-O 5. Nge2 d5 6. a3 Be7 7. Nf4 c6 8. Bd3 dxc4 9. Bxc4 Nbd7 10. Qc2 e5 11. Nfe2 exd4 12. Nxd4 Ne5 13. Be2 Bc5 14. Nf5 g6 15. Ng3 Bg4 16. O-O Bxe2 17. Ncxe2 Qe7 18. b3 Rad8 19. Bb2 Rfe8 20. Nd4 Bd6 21. h3 Ned7 22. Nge2 Qe4 23. Rac1 Qxc2 24. Rxc2 Be5 25. Bc1 Ne4 26. b4 Nb6 27. Nb3 Rd3 28. Na5 Re7 29. g4 Nd6 30. Kg2 Nb5 31. Ra2 Nd5 32. Nc4 Bf6 33. Rd2 Rxd2 34. Nxd2 b6 35. Kf3 Bg7 36. Ne4 Kf8 37. a4 Nbc3 38. N2xc3 Nxc3 39. Nxc3 Bxc3 40. Ba3 Re6 41. Rc1 Bf6 42. b5+ c5 43. Rc4 Rd6 44. Ke2 Be7 45. Bb2 Rd7 46. Bc3 a6 47. bxa6 Ra7 48. Kd3 Rxa6 49. Ke4 Ra7 50. Kd5 Rd7+ 51. Kc6 Rd6+ 52. Kc7 Re6 53. e4 Ke8 54. e5 Bd8+ 55. Kc8 Re7 56. f4 Rc7+ 57. Kb8 Kd7 58. e6+ Kxe6 59. Re4+ Kd7 60. Be5 Rc6 61. Ka7 Re6 62. Re1 Kc6 63. Rd1 Bc7 64. Ka6 Re8 0-1

[Event "49. TCh-ESP Honor 1"]
[Site "?"]
[Date "2005.08.27"]
[Round "4"]
[White "Aronian Levon"]
[Black "Gelfand Boris"]
[Result "1/2-1/2"]
[WhiteElo "2724"]
[BlackElo "2724"]
[PlyCount "195"]
[EventDate "2005.??.??"]
[Source "www.chesslib.no"]
[SourceDate "2004.05.04"]

1. d4 Nf6 2. c4 e6 3. Nc3 Bb4 4. e3 O-O 5. Nge2 d5 6. a3 Be7 7. cxd5 Nxd5 8. Bd2 Nd7 9. g3 N5f6 10. Bg2 e5 11. O-O exd4 12. Nxd4 Ne5 13. Qc2 c5 14. Nf5 Bxf5 15. Qxf5 Qxd2 16. Qxe5 Bd6 17. Qf5 Qxb2 18. Rfc1 Rad8 19. a4 c4 20. Rab1 Qa3 21. Qc2 Be5 22. Nb5 Qc5 23. Qe2 a6 24. Rxc4 Qe7 25. Nc3 Rd7 26. Ne4 Rfd8 27. h4 g6 28. Qf3 Nxe4 29. Qxe4 b5 30. axb5 Rd1+ 31. Kh2 Rxb1 32. Qxb1 axb5 33. Qxb5 Bf6 34. Qa5 Qe5 35. Qe1 Kg7 36. Bf3 h5 37. Kg2 Rd7 38. Qe2 Rc7 39. Rd4 Qc5 40. Rd2 Ra7 41. Kh2 Qc7 42. Rc2 Qe5 43. Qc4 Rd7 44. Qa4 Qe7 45. Qb5 Rc7 46. Rd2 Qe5 47. Qe2 Qc5 48. Bd5 Bc3 49. Rd1 Qb6 50. Kg2 Qb2 51. Qf3 Bf6 52. e4 Be5 53. Rd3 Qb6 54. Rb3 Qd4 55. g4 hxg4 56. Qxg4 Qd2 57. Rf3 Qh6 58. Rf5 f6 59. Rf3 Qh5 60. Qxh5 gxh5 61. Rb3 Re7 62. Rb6 f5 63. f4 Bxf4 64. exf5 Be5 65. Rg6+ Kh7 66. f6 Rd7 67. f7 Bg7 68. Rg5 Kh6 69. Kf3 Rd6 70. Rf5 Kg6 71. Ke4 Rf6 72. Rg5+ Kh6 73. Ke3 Bf8 74. Rg8 Bg7 75. Kd3 Rf4 76. Ke3 Rf6 77. Bc4 Kg6 78. Ra8 Bh6+ 79. Ke2 Rf4 80. Bd5 Bg7 81. Ra6+ Rf6 82. Ra4 Bh6 83. Ra1 Rf4 84. Kd3 Bf8 85. Rh1 Rg4 86. Kc3 Kg7 87. Be6 Re4 88. Bc4 Be7 89. Rg1+ Rg4 90. Rf1 Bf8 91. Rh1 Be7 92. Be6 Rxh4 93. Rg1+ Kf6 94. Bd5 Bf8 95. Rg8 Ke7 96. Rg6 Rf4 97. Re6+ Kd7 98. Re4 1/2-1/2

[Event "Corus"]
[Site "Wijk aan Zee"]
[Date "2003.01.18"]
[Round "6"]
[White "Ponomariov, Ruslan"]
[Black "Polgar, Judit"]
[Result "1/2-1/2"]
[WhiteElo "2734"]
[BlackElo "2700"]
[PlyCount "117"]
[EventDate "2003.01.11"]
[Source "ChessBase"]
[SourceDate "2003.04.01"]

1. d4 Nf6 2. c4 e6 3. Nc3 Bb4 4. e3 O-O 5. Nge2 d5 6. a3 Bd6 7. c5 Be7 8. b4 b6 9. Bd2 c6 10. Nf4 bxc5 11. bxc5 e5 12. dxe5 Nfd7 13. Na4 Nxe5 14. Bc3 Qc7 15. Qc2 Nbd7 16. Bd4 Qa5+ 17. Bc3 Qc7 18. Rc1 Nf6 19. Qb2 Ng6 20. Nxg6 fxg6 21. Be5 Qd8 22. Be2 Ba6 23. O-O Bxe2 24. Qxe2 Qa5 25. Qc2 Rf7 26. Nb2 Qxa3 27. Nd3 Qa6 28. Bd4 Bf8 29. Nb4 Qb7 30. Qa4 Rc8 31. Rb1 Qc7 32. f3 g5 33. Nd3 Re8 34. Qa6 h5 35. Rb2 h4 36. h3 Rfe7 37. Nf2 Nh5 38. Qd3 Ng3 39. Rfb1 Qd7 40. Qg6 Qf5 41. Qxf5 Nxf5 42. Ng4 Nxd4 43. exd4 Rc7 44. Kf2 Kh7 45. Ra1 Re6 46. Re2 Rxe2+ 47. Kxe2 Be7 48. Kd3 Bf6 49. Ra6 Kg6 50. Ne3 Kf7 51. Nc2 Ke6 52. Nb4 Kd7 53. Ke3 Be7 54. f4 gxf4+ 55. Kxf4 Bf6 56. Ke3 Bg5+ 57. Kd3 Bf6 58. Kc3 Bg5 59. Kd3 1/2-1/2

[Event "Corsica Masters KO"]
[Site "?"]
[Date "2004.11.02"]
[Round "2.1"]
[White "Gurevich Mikhail"]
[Black "Anand Viswanathan"]
[Result "0-1"]
[WhiteElo "2644"]
[BlackElo "2781"]
[PlyCount "120"]
[EventDate "2004.??.??"]
[Source "www.chesslib.no"]
[SourceDate "2004.05.04"]

1. d4 Nf6 2. c4 e6 3. Nc3 Bb4 4. e3 O-O 5. Nge2 d5 6. a3 Bd6 7. c5 Be7 8. b4 c6 9. Nf4 Nbd7 10. Nd3 a5 11. Rb1 axb4 12. axb4 b6 13. Be2 bxc5 14. bxc5 e5 15. O-O Qc7 16. Nb4 Re8 17. Bd2 exd4 18. exd4 Bb7 19. g3 Nf8 20. Bf4 Qd7 21. Re1 Ng6 22. Be3 Bd8 23. Bf1 Ba5 24. h3 h6 25. Qc2 Re6 26. Bd2 Rxe1 27. Bxe1 Re8 28. Qa4 Bxb4 29. Qxb4 Bc8 30. Bd2 Qf5 31. Re1 Ne4 32. Nxe4 dxe4 33. Qa4 Bd7 34. Qc2 Qd5 35. Be3 Ne7 36. Qd2 Qh5 37. Qd1 Qg6 38. Bg2 Nd5 39. Qd2 Qh5 40. Qd1 Qf5 41. Bd2 Qg6 42. Be3 Bf5 43. Qd2 Ra8 44. Qb2 Qe6 45. Bd2 Bxh3 46. Bxe4 Qd7 47. Qb3 Nf6 48. Bf3 Be6 49. Qd3 Bd5 50. Bf4 Re8 51. Be5 Nh7 52. Re3 Bxf3 53. Rxf3 Ng5 54. Re3 Ra8 55. d5 cxd5 56. Re1 d4 57. f4 Ne6 58. f5 Ng5 59. Rf1 Qd5 60. Bf4 Ra2 0-1

[Event "23rd ECC Men"]
[Site "Kemer TUR"]
[Date "2007.10.06"]
[Round "4"]
[White "Milov, V."]
[Black "Adams, Mi"]
[Result "1/2-1/2"]
[WhiteElo "2680"]
[BlackElo "2729"]
[PlyCount "45"]
[EventDate "2007.10.03"]
[Source "www.chesslib.no"]
[SourceDate "2004.05.04"]

1. d4 Nf6 2. c4 e6 3. Nc3 Bb4 4. e3 O-O 5. Nge2 d5 6. a3 Be7 7. cxd5 exd5 8. b4 Bf5 9. Ng3 Bg6 10. Be2 Re8 11. O-O Bd6 12. f4 h6 13. f5 Bh7 14. Bd3 Nbd7 15. Qf3 c6 16. Ra2 Kh8 17. Re2 Qc7 18. Kh1 Re7 19. e4 Bxg3 20. hxg3 dxe4 21. Bxe4 a5 22. Bf4 Qb6 23. Bd6 1/2-1/2

[Event "Benidorm Hotel Bali Stars"]
[Site "Benidorm"]
[Date "2003.11.28"]
[Round "6"]
[White "Graf, Alexander"]
[Black "Topalov, Veselin"]
[Result "1/2-1/2"]
[WhiteElo "2646"]
[BlackElo "2735"]
[PlyCount "73"]
[EventDate "2003.11.27"]
[Source "ChessBase"]
[SourceDate "2004.03.30"]

1. d4 Nf6 2. c4 e6 3. Nc3 Bb4 4. e3 O-O 5. Nge2 d5 6. a3 Bd6 7. Ng3 b6 8. cxd5 exd5 9. Be2 Re8 10. O-O c6 11. b4 a6 12. Bb2 Nbd7 13. Qc2 b5 14. Bd3 Nb6 15. e4 dxe4 16. Ncxe4 Nxe4 17. Bxe4 Be6 18. Bxh7+ Kh8 19. Be4 Rc8 20. Nf5 Bd5 21. Rae1 Bf8 22. Qd3 g6 23. Bxd5 Nxd5 24. Qh3+ Kg8 25. Nh6+ Bxh6 26. Qxh6 Qf6 27. Re5 Qf4 28. Qh3 f6 29. Rxe8+ Rxe8 30. Qd7 Re2 31. Qxc6 Qe4 32. Bc1 Re1 33. Qc8+ Kf7 34. Qb7+ Kg8 35. Qa8+ Kf7 36. Qb7+ Kg8 37. Qa8+ 1/2-1/2

[Event "Benidorm Hotel Bali Stars"]
[Site "Benidorm"]
[Date "2003.11.28"]
[Round "5"]
[White "Graf, Alexander"]
[Black "Polgar, Judit"]
[Result "1/2-1/2"]
[WhiteElo "2646"]
[BlackElo "2722"]
[PlyCount "56"]
[EventDate "2003.11.27"]
[Source "ChessBase"]
[SourceDate "2004.03.30"]

1. d4 Nf6 2. c4 e6 3. Nc3 Bb4 4. e3 O-O 5. Nge2 d5 6. a3 Bd6 7. Ng3 c6 8. Bd3 e5 9. cxd5 exd4 10. exd4 Re8+ 11. Be2 cxd5 12. O-O Nc6 13. Be3 Be6 14. Qd2 Na5 15. Rad1 Ng4 16. Bg5 f6 17. Bf4 Nb3 18. Qc2 Bxf4 19. Qxb3 f5 20. Rfe1 Nf6 21. Qxb7 Rb8 22. Qxa7 Ne4 23. Bb5 Ra8 24. Qb7 Re7 25. Qc6 Rc8 26. Qa6 Ra8 27. Qc6 Rc8 28. Qa6 Ra8 1/2-1/2

[Event "Moscow (ol)"]
[Site "?"]
[Date "1994.??.??"]
[Round "?"]
[White "Shirov, A."]
[Black "Loginov, V."]
[Result "1-0"]
[WhiteElo "2740"]
[BlackElo "2610"]
[PlyCount "73"]
[EventDate "1994.??.??"]
[Source "ChessBase"]
[SourceDate "1995.02.01"]

1. d4 Nf6 2. c4 e6 3. Nc3 Bb4 4. e3 O-O 5. Nge2 d5 6. a3 Be7 7. Nf4 c6 8. Bd3 Nbd7 9. cxd5 Nxd5 10. e4 Nxc3 11. bxc3 e5 12. Ne2 exd4 13. cxd4 c5 14. d5 b5 15. O-O a6 16. f4 c4 17. Bc2 Bc5+ 18. Kh1 Nf6 19. h3 a5 20. Nc3 b4 21. axb4 Bxb4 22. Bb2 Re8 23. d6 Bb7 24. e5 Bxc3 25. Bxc3 Nd5 26. Qf3 Nxc3 27. Qxb7 g6 28. f5 Rb8 29. Qf3 Nb5 30. fxg6 fxg6 31. Qd5+ Kh8 32. Rae1 Qg5 33. d7 Red8 34. Ba4 Nc3 35. Qd4 Rb2 36. e6+ Kg8 37. Bc6 1-0

[Event "TCh-GRE"]
[Site "Aghia Pelagia"]
[Date "2004.07.07"]
[Round "4"]
[White "Graf, Alexander"]
[Black "Nisipeanu, Liviu Dieter"]
[Result "1/2-1/2"]
[WhiteElo "2661"]
[BlackElo "2686"]
[PlyCount "36"]
[EventDate "2004.07.04"]
[Source "Roberto Alvarez"]
[SourceDate "2004.07.12"]

1. d4 Nf6 2. c4 e6 3. Nc3 Bb4 4. e3 O-O 5. Nge2 d5 6. a3 Bd6 7. Ng3 Re8 8. Be2 c6 9. O-O e5 10. b3 e4 11. a4 g6 12. Ba3 Bxa3 13. Rxa3 h5 14. Re1 h4 15. Nf1 a5 16. Ra1 Na6 17. Nd2 Bf5 18. Ndb1 Re6 1/2-1/2

[Event "Sanghi Nagar (m/5)"]
[Site "?"]
[Date "1994.??.??"]
[Round "?"]
[White "Salov, V."]
[Black "Timman, J."]
[Result "1/2-1/2"]
[WhiteElo "2710"]
[BlackElo "2635"]
[PlyCount "122"]
[EventDate "1994.??.??"]
[Source "ChessBase"]
[SourceDate "1994.06.01"]

1. d4 Nf6 2. c4 e6 3. Nc3 Bb4 4. e3 O-O 5. Nge2 d5 6. a3 Be7 7. cxd5 exd5 8. b4 Nbd7 9. Ng3 Re8 10. Bd3 c6 11. O-O Bd6 12. b5 c5 13. a4 b6 14. Ba3 Bb7 15. a5 bxa5 16. Nf5 Bf8 17. Na4 c4 18. Bc2 Bxa3 19. Rxa3 Qc7 20. Nc3 a6 21. b6 Nxb6 22. Rxa5 g6 23. Ng3 Bc6 24. Qa1 Nbd7 25. Rb1 Reb8 26. Rd1 Qb6 27. Rb1 Qc7 28. Rxb8+ Qxb8 29. Nge2 Bb7 30. Qa3 Qf8 31. Qxf8+ Kxf8 32. Nf4 Ke7 33. f3 Nb6 34. Kf2 g5 35. Nfe2 h6 36. h3 Bc8 37. e4 Be6 38. Ke3 Kd7 39. Ba4+ Kc7 40. Rc5+ Kd8 41. Bc6 Rc8 42. Bb7 Rxc5 43. dxc5 Kc7 44. Bxa6 dxe4 45. Nxe4 Nbd5+ 46. Kd4 Nxe4 47. fxe4 Nb4 48. Bxc4 Nc2+ 49. Kc3 Bxc4 50. Kxc4 Ne3+ 51. Kb5 Nxg2 52. Nc3 Nf4 53. Nd5+ Kc8 54. c6 h5 55. Kb6 Ne6 56. Ne7+ Kd8 57. Nf5 f6 58. Kb7 Nc5+ 59. Kb8 Na6+ 60. Kb7 Nc5+ 61. Kb8 Na6+ 1/2-1/2

[Event "Lviv"]
[Site "?"]
[Date "2000.??.??"]
[Round "?"]
[White "Korchnoi, V."]
[Black "Gelfand, B."]
[Result "1/2-1/2"]
[WhiteElo "2655"]
[BlackElo "2690"]
[PlyCount "84"]
[EventDate "2000.??.??"]
[Source "Chess Informant"]
[SourceDate "2000.02.01"]

1. d4 Nf6 2. c4 e6 3. Nc3 Bb4 4. e3 O-O 5. Nge2 d5 6. a3 Be7 7. Nf4 c6 8. h3 Nbd7 9. cxd5 Nxd5 10. Nfxd5 exd5 11. Bd3 Re8 12. Qc2 Nf6 13. g4 g6 14. Bd2 c5 15. Kf1 Bf8 16. Rd1 c4 17. Be2 Rb8 18. b3 b5 19. Rb1 a6 20. Qa2 Bb7 21. h4 Qd6 22. g5 Ne4 23. Nxe4 Rxe4 24. a4 Qd7 25. f3 Ree8 26. Kf2 Bd6 27. Qc2 cxb3 28. Rxb3 bxa4 29. Rb6 Rec8 30. Qd3 Bc6 31. Qxa6 Rxb6 32. Qxb6 Rb8 33. Qa5 a3 34. f4 Ra8 35. Qb6 Rb8 36. Qa5 Ra8 37. Qb6 Qb7 38. Rb1 Qd7 39. Bg4 Qxg4 40. Qxc6 Qxh4+ 41. Kg2 Qg4+ 42. Kf2 Qh4+ 1/2-1/2

[Event "Amber-blind 8th"]
[Site "Monte Carlo"]
[Date "1999.03.18"]
[Round "3"]
[White "Karpov, Anatoly"]
[Black "Piket, Jeroen"]
[Result "1/2-1/2"]
[WhiteElo "2710"]
[BlackElo "2619"]
[PlyCount "96"]
[EventDate "1999.03.16"]
[Source "ChessBase"]
[SourceDate "1999.05.10"]

1. d4 Nf6 2. c4 e6 3. Nc3 Bb4 4. e3 O-O 5. Nge2 d5 6. a3 Be7 7. Ng3 Re8 8. Be2 a6 9. O-O Nbd7 10. Qc2 dxc4 11. Bxc4 b5 12. Be2 Bb7 13. Rd1 c5 14. dxc5 Bxc5 15. Nce4 Qb6 16. b4 Be7 17. Bb2 Rac8 18. Qb1 Bd5 19. Nxf6+ Nxf6 20. e4 Bc4 21. Bd4 Qb8 22. Bf3 e5 23. Bc3 g6 24. Qb2 Bd8 25. Qd2 Rc6 26. Rac1 Bb6 27. h4 h5 28. Qg5 Nh7 29. Qh6 Qc8 30. Bb2 Nf6 31. Qg5 Nh7 32. Qh6 Nf6 33. Rd2 Ree6 34. Rcd1 Qf8 35. Qxf8+ Kxf8 36. Nf1 Ng4 37. Bxg4 hxg4 38. Re1 f6 39. Ne3 g3 40. fxg3 Rcd6 41. Rxd6 Rxd6 42. Kh2 Rd2 43. Bc1 Bxe3 44. Rxe3 Re2 45. g4 Rxe3 46. Bxe3 Bd3 47. g5 Kf7 48. gxf6 Kxf6 1/2-1/2

[Event "Monaco (m/8) 75/487"]
[Site "?"]
[Date "1999.??.??"]
[Round "?"]
[White "Karpov, Anatoly"]
[Black "Piket, Jeroen"]
[Result "1/2-1/2"]
[WhiteElo "2710"]
[BlackElo "2619"]
[PlyCount "76"]
[EventDate "1999.??.??"]
[Source "ChessBase"]
[SourceDate "1999.02.01"]

1. d4 Nf6 2. c4 e6 3. Nc3 Bb4 4. e3 O-O 5. Nge2 d5 6. a3 Be7 7. cxd5 exd5 8. g3 c6 9. Bg2 Na6 10. Bd2 Nc7 11. Qc2 g6 12. f3 Ne6 13. Na4 Re8 14. O-O a5 15. Kh1 b5 16. Nac3 Ba6 17. Rfe1 c5 18. dxc5 Bxc5 19. b4 axb4 20. axb4 Bxb4 21. Reb1 Bc5 22. Nxb5 Bxb5 23. Rxa8 Qxa8 24. Rxb5 Qa7 25. Qc3 Qa6 26. Qd3 Ba7 27. Rb3 Qa4 28. Rb1 Rd8 29. Bc3 d4 30. exd4 Nd5 31. Ra1 Qd7 32. Ba5 Re8 33. f4 Ne3 34. Bf3 Nxd4 35. Bc3 Ng4 36. Kg2 Ne3+ 37. Kh1 Ng4 38. Kg2 Ne3+ 1/2-1/2

[Event "RUS Ch Superfinal"]
[Site "Moscow RUS"]
[Date "2005.12.23"]
[Round "5"]
[White "Volkov, S1."]
[Black "Morozevich, Alexander"]
[Result "0-1"]
[WhiteElo "2614"]
[BlackElo "2707"]
[PlyCount "80"]
[EventDate "2005.12.19"]
[Source "www.chesslib.no"]
[SourceDate "2004.05.04"]

1. d4 Nf6 2. c4 e6 3. Nc3 Bb4 4. e3 O-O 5. Nge2 Re8 6. a3 Bf8 7. g3 d5 8. cxd5 exd5 9. Bg2 a5 10. O-O Na6 11. Bd2 c6 12. Rc1 Nc7 13. Na4 Ne6 14. b4 Ne4 15. Be1 axb4 16. axb4 Nd6 17. Nc5 Nc7 18. Nb3 h5 19. Na5 h4 20. Nf4 hxg3 21. hxg3 Ne6 22. Nd3 Ng5 23. g4 f5 24. Ne5 fxg4 25. Nxg4 Ngf7 26. f4 Bxg4 27. Qxg4 Rxe3 28. f5 Ne4 29. Nxb7 Qf6 30. Rd1 Ra2 31. Nc5 Bxc5 32. bxc5 Ree2 33. Bf3 Rh2 34. Bxe4 dxe4 35. Bf2 Qh6 36. Qxe4 Re2 37. Qg4 Ng5 38. Qg3 Nh3+ 39. Kxh2 Nxf2+ 40. Kg1 Qh1# 0-1

[Event "BCF-chT 0102 (4NCL)"]
[Site "Birmingham"]
[Date "2001.09.23"]
[Round "2"]
[White "Conquest, Stuart"]
[Black "Adams, Michael"]
[Result "0-1"]
[WhiteElo "2565"]
[BlackElo "2744"]
[PlyCount "108"]
[EventDate "2001.09.22"]
[Source "ChessBase"]
[SourceDate "2001.10.26"]

1. d4 Nf6 2. c4 e6 3. Nc3 Bb4 4. e3 O-O 5. Nge2 d5 6. a3 Be7 7. cxd5 exd5 8. g3 c6 9. Bg2 Na6 10. Qc2 Nc7 11. O-O a5 12. Bd2 Re8 13. Rad1 Ne6 14. Bc1 b5 15. f3 Ba6 16. Rfe1 Rc8 17. Kh1 b4 18. Na4 c5 19. Nxc5 Nxc5 20. dxc5 Bxc5 21. Bh3 Rc7 22. Qb3 bxa3 23. bxa3 Bc4 24. Qb2 Bxe3 25. Bxe3 Rxe3 26. Nd4 Rce7 27. Rxe3 Rxe3 28. Qc1 Re8 29. Re1 Rxe1+ 30. Qxe1 Qb6 31. Qa1 g6 32. Bg2 Nd7 33. h4 Qf6 34. Qd1 Nc5 35. Kh2 a4 36. f4 Qb6 37. h5 Qf6 38. hxg6 hxg6 39. Bf3 Nb3 40. Nc2 Qh8+ 41. Kg2 Qb2 42. Kh3 d4 43. f5 gxf5 44. Bc6 d3 45. Ne3 Qd4 46. Qf3 Nd2 47. Qf2 Ne4 48. Bxe4 fxe4 49. Qd2 Be6+ 50. Kh2 Qh8+ 51. Kg1 Qe5 52. Qf2 Qa1+ 53. Kg2 Qxa3 54. Qf6 Qc5 0-1

[Event "6. EICC"]
[Site "?"]
[Date "2005.06.27"]
[Round "9"]
[White "Aronian Levon"]
[Black "Jakovenko Dmitrij"]
[Result "1/2-1/2"]
[WhiteElo "2693"]
[BlackElo "2608"]
[PlyCount "211"]
[EventDate "2005.??.??"]
[Source "www.chesslib.no"]
[SourceDate "2004.05.04"]

1. d4 Nf6 2. c4 e6 3. Nc3 Bb4 4. e3 O-O 5. Nge2 d5 6. a3 Bd6 7. c5 Be7 8. b4 c6 9. Nf4 b6 10. Nd3 a5 11. Bd2 Nbd7 12. Be2 Qc7 13. O-O axb4 14. axb4 Ba6 15. Qc2 Bc4 16. f4 Qb7 17. Rae1 Ra3 18. f5 bxc5 19. bxc5 Qb3 20. Qxb3 Rxb3 21. fxe6 fxe6 22. Ra1 Rfb8 23. Ra7 R3b7 24. Rfa1 Ne4 25. Nxe4 dxe4 26. Nb4 Bxe2 27. Nxc6 Kf7 28. Nxb8 Rxa7 29. Rxa7 Nxb8 30. Rb7 Nc6 31. Rb6 Na7 32. c6 h5 33. h4 g6 34. Be1 Bd3 35. Bd2 Be2 36. g3 Bc4 37. Bb4 Bxb4 38. Rb7+ Ke8 39. Rb8+ Ke7 40. Rb7+ Kd6 41. Rxa7 Kxc6 42. Kf2 Bb3 43. Rg7 Bd1 44. Rxg6 Kd5 45. Rg5+ Kc4 46. Re5 Bg4 47. Rxe4 Bd6 48. d5+ Kxd5 49. Rd4+ Ke5 50. Rc4 Kf5 51. Rc6 Be5 52. Rc4 Bd1 53. Rb4 Kf6 54. Rc4 Ke7 55. Rc1 Bg4 56. Rc6 Kf6 57. Ra6 Bd1 58. Rb6 Kf5 59. Rb4 Bf6 60. Rf4+ Ke5 61. Rd4 Bg4 62. Rf4 Be7 63. Rd4 Bc5 64. Rd3 Ke4 65. Rc3 Be7 66. Rc4+ Kd3 67. Rd4+ Kc3 68. Rd7 Bf6 69. Rc7+ Kd3 70. Rd7+ Kc2 71. Rc7+ Bc3 72. Rd7 Bd2 73. Rc7+ Kd1 74. Rd7 Be2 75. Rd6 Bg4 76. Rd7 e5 77. Rd5 e4 78. Rd4 Bf3 79. g4 Bxg4 80. Rxe4 Be1+ 81. Kf1 Bh3+ 82. Kg1 Ke2 83. Re8 Bxh4 84. e4 Kf3 85. e5 Ke4 86. e6 Ke5 87. Kh2 Bg4 88. Kg2 Kd6 89. Ra8 Kxe6 90. Ra6+ Kf5 91. Ra5+ Kg6 92. Ra6+ Bf6 93. Kg3 Bd7 94. Rd6 h4+ 95. Kf4 Bf5 96. Ra6 h3 97. Kg3 Bg4 98. Ra5 Bc8 99. Rc5 Bd7 100. Rd5 Be6 101. Rc5 Bd7 102. Rd5 Bc8 103. Rc5 Be6 104. Ra5 Bd7 105. Rd5 Bc6 106. Rd2 1/2-1/2

[Event "Match (training)"]
[Site "Baku (Azerbaijan)"]
[Date "1980.??.??"]
[Round "?"]
[White "Kasparov, Gary"]
[Black "Tal, Mikhail N"]
[Result "1/2-1/2"]
[WhiteElo "2595"]
[BlackElo "2705"]
[PlyCount "54"]
[EventDate "1980.??.??"]
[Source "www.chesslib.no"]
[SourceDate "2004.05.04"]

1. d4 Nf6 2. c4 e6 3. Nc3 Bb4 4. e3 O-O 5. Nge2 d5 6. a3 Be7 7. cxd5 Nxd5 8. g3 Nxc3 9. Nxc3 c5 10. dxc5 Bxc5 11. b4 Qxd1+ 12. Kxd1 Be7 13. Bb2 Nc6 14. Kc2 b6 15. Rd1 Rd8 16. Rxd8+ Nxd8 17. Bg2 Bb7 18. Bxb7 Nxb7 19. Kb3 Nd6 20. Rc1 Rc8 21. a4 a6 22. b5 axb5 23. Nxb5 Rxc1 24. Bxc1 Ne4 25. Ba3 Kf8 26. Na7 Nd2+ 27. Kc2 Nc4 1/2-1/2

[Event "Srbija i Crna Gora"]
[Site "?"]
[Date "2004.??.??"]
[Round "?"]
[White "Aleksandrov, A."]
[Black "Volokitin, And"]
[Result "1/2-1/2"]
[WhiteElo "2665"]
[BlackElo "2635"]
[PlyCount "46"]
[EventDate "2004.??.??"]
[Source "Chess Informant"]
[SourceDate "2004.06.01"]

1. d4 Nf6 2. c4 e6 3. Nc3 Bb4 4. e3 O-O 5. Nge2 d5 6. a3 Bd6 7. c5 Be7 8. Nf4 b6 9. b4 a5 10. Bd2 axb4 11. axb4 Rxa1 12. Qxa1 Nc6 13. Qa4 e5 14. Qxc6 exf4 15. exf4 Bd7 16. Qb7 bxc5 17. bxc5 Bxc5 18. dxc5 d4 19. Ne2 Re8 20. Qb4 d3 21. Be3 dxe2 22. Bxe2 Bg4 23. Qd2 Qxd2+ 1/2-1/2

[Event "4th IECC"]
[Site "Istanbul"]
[Date "2003.06.12"]
[Round "12"]
[White "Malakhov, Vladimir"]
[Black "Nielsen, Peter Heine"]
[Result "1-0"]
[WhiteElo "2672"]
[BlackElo "2625"]
[PlyCount "51"]
[EventDate "2003.05.30"]
[Source "Roberto Alvarez"]
[SourceDate "2003.06.23"]

1. d4 Nf6 2. c4 e6 3. Nc3 Bb4 4. e3 O-O 5. Nge2 d5 6. a3 Be7 7. cxd5 Nxd5 8. Bd2 Nd7 9. g3 N5f6 10. Bg2 e5 11. O-O c6 12. Qc2 exd4 13. Nxd4 Nb6 14. Rad1 Bc5 15. Ne4 Bxd4 16. Bb4 Re8 17. Rxd4 Nbd5 18. Nd6 Re5 19. Nc4 Re8 20. Qc1 Qc7 21. Bd6 Qd7 22. e4 Nb6 23. Bc5 Qc7 24. Nd6 Rd8 25. Nb5 cxb5 26. Qf4 1-0

[Event "TCh-GRE"]
[Site "Aghia Pelagia"]
[Date "2004.07.04"]
[Round "1"]
[White "Graf, Alexander"]
[Black "Macieja, Bartlomiej"]
[Result "1-0"]
[WhiteElo "2661"]
[BlackElo "2633"]
[PlyCount "105"]
[EventDate "2004.07.04"]
[Source "Roberto Alvarez"]
[SourceDate "2004.07.12"]

1. d4 Nf6 2. c4 e6 3. Nc3 Bb4 4. e3 O-O 5. Nge2 d5 6. a3 Bd6 7. cxd5 exd5 8. g3 a5 9. Bg2 c6 10. O-O Bf5 11. f3 Re8 12. e4 dxe4 13. fxe4 Bxe4 14. Rxf6 Bxg2 15. Rxd6 Qxd6 16. Kxg2 Nd7 17. Bf4 Qe6 18. d5 cxd5 19. Nd4 Qb6 20. Ndb5 Nf6 21. Qd4 Qxd4 22. Nxd4 Rac8 23. Rd1 h6 24. Ndb5 Rc6 25. Kf3 g5 26. Be3 Kh7 27. Nd4 Rd6 28. Nc2 Nd7 29. Kg2 Ne5 30. Bc1 Nc4 31. a4 Red8 32. Nd4 Ne5 33. Ncb5 R6d7 34. b3 Nc6 35. Be3 Re8 36. Bf2 Nxd4 37. Nxd4 Rc8 38. Be1 b6 39. g4 Kg6 40. Rd3 Rc1 41. Bf2 f6 42. Nf5 Rc6 43. Rh3 Rh7 44. Rxh6+ Rxh6 45. Ne7+ Kf7 46. Nxc6 f5 47. Ne5+ Ke6 48. Bd4 Rh7 49. Nf3 Kd7 50. Nxg5 Rg7 51. Nf3 Rxg4+ 52. Kf2 Ke6 53. Bxb6 1-0

[Event "Ajaccio FRA, 2. Open"]
[Site "?"]
[Date "2005.10.27"]
[Round "8"]
[White "Milov Vadim"]
[Black "Almasi Zoltan"]
[Result "0-1"]
[WhiteElo "2652"]
[BlackElo "2640"]
[PlyCount "204"]
[EventDate "2005.??.??"]
[Source "www.chesslib.no"]
[SourceDate "2004.05.04"]

1. d4 Nf6 2. c4 e6 3. Nc3 Bb4 4. e3 O-O 5. Nge2 d5 6. a3 Be7 7. cxd5 exd5 8. b4 Re8 9. Ng3 Bd6 10. Bd3 c6 11. O-O Nbd7 12. f3 a5 13. Rb1 axb4 14. axb4 Qb6 15. Nce2 Nf8 16. Kh1 Be7 17. e4 dxe4 18. fxe4 Bg4 19. Bb2 Rad8 20. h3 Bc8 21. Bc3 Ng6 22. Qd2 Qc7 23. Rbc1 Bf8 24. Qa2 Be6 25. Qb2 Bc8 26. Bc4 Rd7 27. Bd3 Rdd8 28. Bd2 Qb6 29. Qb1 Be6 30. Bc3 Be7 31. Nf5 Bxf5 32. Rxf5 Bf8 33. Rcf1 Rd7 34. b5 Qc7 35. bxc6 bxc6 36. Qc2 Rde7 37. e5 Nd5 38. Bd2 Rd7 39. Nc3 Nb4 40. Qb1 Nxd3 41. Qxd3 Rxe5 42. Qc4 Rxf5 43. Rxf5 Qd6 44. Be3 Qe6 45. Qd3 Re7 46. Bf2 Rd7 47. Qf3 f6 48. Ra5 Bb4 49. Ra8+ Nf8 50. Ne4 Re7 51. Ng3 Re8 52. Ra6 Rc8 53. Nf5 Ng6 54. Qg4 Re8 55. Ra7 Bf8 56. Qf3 Qe4 57. Qxe4 Rxe4 58. Bg3 Ne7 59. Nxe7+ Bxe7 60. Rc7 Re6 61. Rd7 Kf7 62. d5 cxd5 63. Rxd5 g6 64. Rb5 h5 65. Kg1 g5 66. Bf2 Kg6 67. Kf1 Rc6 68. Ke2 Rc2+ 69. Kf1 Bd6 70. Rd5 Be5 71. Be3 Kf5 72. Rd2 Rc3 73. Bd4 Rc1+ 74. Kf2 Bf4 75. Ra2 g4 76. hxg4+ hxg4 77. Be3 Bxe3+ 78. Kxe3 Rf1 79. Ra5+ Kg6 80. Rb5 Rf5 81. Rb8 Kg5 82. Rh8 Rf1 83. Ke2 Rf4 84. Ke3 Ra4 85. Kf2 Ra2+ 86. Kg3 Ra3+ 87. Kf2 Kf4 88. Rb8 g3+ 89. Ke2 Ra2+ 90. Kf1 Rf2+ 91. Kg1 Rd2 92. Rb4+ Ke3 93. Rb3+ Rd3 94. Rb1 Ke2 95. Rb2+ Rd2 96. Rb1 Rd1+ 97. Rxd1 Kxd1 98. Kf1 Kd2 99. Kg1 Ke2 100. Kh1 f5 101. Kg1 f4 102. Kh1 f3 0-1

[Event "Elista (m/2) 72/489"]
[Site "?"]
[Date "1998.??.??"]
[Round "?"]
[White "Giorgadze, Giorgi"]
[Black "Salov, Valery"]
[Result "0-1"]
[WhiteElo "2605"]
[BlackElo "2680"]
[PlyCount "68"]
[Source "ChessBase"]
[SourceDate "1998.02.01"]

1. d4 Nf6 2. c4 e6 3. Nc3 Bb4 4. e3 O-O 5. Nge2 d5 6. a3 Be7 7. cxd5 Nxd5 8. Qc2 Nd7 9. e4 Nxc3 10. Nxc3 c5 11. d5 Nb6 12. dxe6 Bxe6 13. Be2 Bf6 14. O-O a6 15. f4 Bd4+ 16. Kh1 f6 17. Rd1 Rc8 18. Bf3 Qd7 19. Rb1 Rfd8 20. b3 Bg4 21. Qe2 Bxf3 22. Qxf3 Qc6 23. Ne2 f5 24. e5 Qxf3 25. gxf3 Nd5 26. Rd3 Nc7 27. Bd2 Bxe5 28. Rxd8+ Rxd8 29. Ba5 Bd6 30. Rc1 Rd7 31. Rd1 Ne6 32. b4 Kf7 33. bxc5 Nxc5 34. Bb4 Be7 0-1